LEADER 00979nam a2200253 u 4500 001 000000044819 003 CaOOAMICUS 005 20070226114607.0 008 990510s1995 it u000 u ita u 035 $a10822687 040 $aPUL(R)$bita 100 1 $aMessori, Vittorio,$d1941-$0(OLS)http://pul/name/9329 245 13$aLe cose della vita :$bil terzo volume di "Vivaio" /$cVittorio Messori. 246 33$aVivaio 260 $aCinisello Balsamo :$bSan Paolo,$c1995. 300 $a434 p. ;$c21 cm 500 $aInclude indici. 850 $aPUL 852 $aPUL$W1$xDP1 Cons. Gen., Altre Classi 1$y22$m45 L 78$j60277$nBK-PRI$b $qStampati$B60277$CPULBib$Z2$F60277 $H $81 941 1 $a8 961 $aINV: 74387 996 $6245$aLe cose della vita :$bil terzo volume di "Vivaio"$9(OLS)http://pul/title/60441 996 $6246$aVivaio$9(OLS)http://pul/title/60442 996 $6260$aCinisello Balsamo :$bSan Paolo$9(OLS)http://pul/publisher/54577 LEADER 01213cam a2200289 a 4500 001 000000124107 003 CaOOAMICUS 005 20110127142413.0 008 110127t2009 it b 000 u ita r 020 $a978-88-420-9485-2 040 $aPUL$bita 082 04$a320.945 100 1 $aSchiavone, Aldo.$0(OLS)http://pul/name/14872 245 12$aL'Italia contesa :$bsfide politiche ed egemonia culturale /$cAldo Schiavone. 260 $aRoma ;$aBari :$bLaterza,$cİ2009. 300 $a90 p. ;$c21 cm. 490 1 $aEconomica Laterza ;$v550 651 4$aItalia$xPolitica e governo$ySec. XX.$0(OLS)http://pul/subject/1641 830 0$aEconomica Laterza ;$v550.$0(OLS)http://pul/title/39309 850 $aPUL 852 $aPUL$W1$xSL Diritto e Scienze Sociali 3$y79$m320. 945 SCHAL 1$j142930$qDDC 21$B141920$CPULBib$Z2$F141920 $H115653 $82 941 1 $a9 996 $6020$a978-88-420-9485-2$9(OLS)http://pul/number/146217 996 $6082$a320.945$9(OLS)http://pul/classification/411 996 $6245$aL'Italia contesa :$bsfide politiche ed egemonia culturale$9(OLS)http://pul/title/156451 996 $6260$aRoma ;$aBari :$bLaterza$9(OLS)http://pul/publisher/57682